000 00578aas a2200181 4500
999 _c50094
_d50094
001 768714001
003 CO-MdFUSB
005 20170912115113.0
008 170912s2002 ag ||||| |||| 00| 0 spa d
022 _a0326-6737
040 _aCO-MdFUSB
_bspa
_cCO-MdFUSB
_dCO-MdFUSB
041 _aspa
100 1 _aHansen, Guillermo
_eautor
245 1 0 _aJustificación, cruces y sanación
_c/ Hansen, Guillermo
300 _aVolumen 21 (2002), páginas 123-142
_c: 23 cm.
773 0 _tCuadernos de Teología
_049404
_959700
_gVolumen 21 (2002), páginas 123-142
_qPágina 123
942 _cANA